Регионална библиотека "Любен Каравелов" - Русе

През три води преплавено (Запис номер 74496)

MARC детайли
000 -Лидер
Контролно поле с фиксирана дължина 01305nam a2200337 c 4500
003 - Код на организацията, давaща контролен номер
Контролно поле BLK
005 - Дата и час на последна редакция
Контролно поле 20180422103435.0
008 - Елементи от данни с фиксирана дължина
fixed length control field 180408b bul|||||r ||||||| ||bul||
010 ## - Наследен системен номер
LC control number KNG00078898000
020 ## - Международен стандартен номер на книга ISBN
Международен стандартен номер на книга ISBN 978-954-25-0083-4
-- издат.: Славчо Николов и сие
040 ## - Източник на каталожния запис
Идентификатор на билиотеката - собственик на записа BLK
041 ## - Код за език
Код за езика на текст/звукозапис или на отделно заглавие Български
Код за езика КДБФ Български
072 #7 - Код за тематичната категория
Код организация bullib
Код за тематична категория Я
Текст Автографи
080 ## - УДК
Текстов определител УДК Българска литература
УДК код - определител по УДК 821.163.2
УДК определител -1
УДК - код + определител 821.163.2-1
100 1# - Редна дума - Автор
Автор Вълчев, Найден Станев
Авторска отговорност първи автор
R(LIN) 368316
139 ## - Редно поле
Редна дума Вълчев, Найден Станев
Авторски знак Вълч - В 95
245 10 - Сведения за заглавието
Заглавие През три води преплавено
Подзаглавни данни Моите избрани стихотворения
Редно поле (дума) Найден Станев Вълчев.
250 ## - Област на изданието
Сведения за изданието 2. доп. изд.
257 ## - Страна на издаване
Страна на създаване/издаване България
260 ## - Област на издателските данни
-- Шумен
Име на издателя, разпространителя и проч. Славчо Николов и сие
Година на издаване 2007
300 ## - Физическа характеристика
Страници 112 с.
Илюстрации и др. с портр., 7 л. : ил.
Размери/Мащаб 17 см
380 ## - Жанр
Жанр Худож. лит.
490 1# - СЕРИИ (Колекции)
Име на серия Библиотека Послания
№: серия № 40
500 ## - Общи забележки
Забележка 1. изд. 2004 в Библ. Послания ; № 27. - Офс. изд.
659 ## - Тематичен бюлетин
Тематичен бюлетин Я
852 ## - Местоположение
Форматна сигнатура Цб І 32777
856 4# - Електронен адрес и достъп
Електронен формат pdf - файл
Път до файла /url/
856 4# - Електронен адрес и достъп
Електронен формат pdf - файл
Път до файла /url/
942 ## - АРТИКУЛИ
Вид на библиотечния материал Книги
Скрит в OPAC Не
944 ## - СЪЗДАВАНЕ И РЕДАКЦИЯ на ЗАПИСА
Създаване/Редакция Създаване
Дата на регистрацията/редакция 05.11.2007
Служител, извършил регистрацията/редакцията Ренета_Константинова
944 ## - СЪЗДАВАНЕ И РЕДАКЦИЯ на ЗАПИСА
Създаване/Редакция Редакция
Дата на регистрацията/редакция 22.11.2012
Служител, извършил регистрацията/редакцията
999 ## - СИСТЕМНИ КОНТРОЛНИ НОМЕРА
Koha biblionumber 74496
Koha biblioitemnumber 74496
Наличности
Код за отписване Код за изгубен артикул Код за повреда Коз за рестрикции Код за отдаване Артикулен № Име на библиотеката - собственик Име на библиотеката, в която се намира в момента Статус (Текущо местоположение) Дата на вписване в системата Местоположение - отдел Цена в лева Инвентарен номер Систематично азбучна сигнатура Баркод Номер на екземпляра Цена в евро Служебна бележка Служебен тип на артикула Номерация (Хронология)
  Не е изгубен Не е повреден без рестрикции ползва се в читалня 121216 Регионална библиотека "Любен Каравелов" Русе Регионална библиотека "Любен Каравелов" Русе Хранилище 2007-11-05 Хранилище 0.00 120000719264 Цб І 32777 120000719264 1 0.00 Дост: Dp Вид: Д N: 27 Дата: 13.06.2007 Книги  
  Не е изгубен Не е повреден без рестрикции ползва се в читалня 121217 Регионална библиотека "Любен Каравелов" Русе Регионална библиотека "Любен Каравелов" Русе Хранилище 2010-05-28 Основен фонд - ползва се само за читалня 4.00 120000744696 Цб І 32777 120000744696 2 2.05 Дост: DA Вид: А N: 16 Дата: 28.05.2010 Книги Автограф: Найден Вълчев
  Не е изгубен Не е повреден без рестрикции заемане за дома 121218 Регионална библиотека "Любен Каравелов" Русе Регионална библиотека "Любен Каравелов" Русе Заемна - подръчен фонд 2010-05-28 Заемна - подръчен фонд 4.00 120000744697 П 886.7-1/В 95 120000744697 3 2.05 Дост: DA Вид: А N: 16 Дата: 28.05.2010 Дата инв: 15.02.2018 Бележки инв: П2018 Книги  
Vip Innovations Ltd, Rousse, Bulgaria 2025